Historia de las Escuadras de Cataluña : su orígen, sus proezas, sus vicisitudes, intercalada con la vida y hechos de los más célebres ladrones y bandoleros / por José Ortega y Espinós su orígen, sus proezas, sus vicisitudes, intercalada con la vida y hechos de los más célebres ladrones y bandoleros / por José Ortega y Espinós
Descripción Física:
330 p. : il. ; 28 cm
MARC
| LEADER | 00000nam a2200000Ia 4500 | ||
|---|---|---|---|
| 001 | 14104 | ||
| 008 | 160829s1876 xx 000 0 cat d | ||
| 080 | |a M-4-119 | ||
| 100 | |a Ortega y Espinós, José |9 38132 | ||
| 245 | |a Historia de las Escuadras de Cataluña : |b su orígen, sus proezas, sus vicisitudes, intercalada con la vida y hechos de los más célebres ladrones y bandoleros / por José Ortega y Espinós | ||
| 250 | |a 3a ed., adornada con veinte y nueve gravados | ||
| 260 | |a Barcelona : |b Luis Tasso, |c 1876 | ||
| 300 | |a 330 p. : |b il. ; |c 28 cm | ||
| 610 | 0 | |a Catalunya. |b Mossos d'Esquadra |x Història |9 54629 | |
| 650 | |a Bandolers |x Catalunya |x S. XVII/XVIII |9 38133 | ||
| 650 | |a Veciana (Família) |9 38134 | ||
| 901 | |a Arxiu | ||
| 942 | |n 1 | ||
| 952 | |0 0 |1 0 |4 0 |6 M4119 |7 1 |9 48281 |a Arxiu |b Arxiu |d 2016-12-01 |l 0 |o M-4-119 |p 14104 |r 2016-12-01 00:00:00 |w 2016-12-01 |y ARXIU | ||
| 999 | |c 52087 |d 52087 | ||